Movies Quiz

Random Movies Quiz

Movies By...EVERYTHING - 2 Quiz Stats

 Plays Quiz not verified by Sporcle

Score 0/60 Timer 18:00
0 Plays Today
% Correct
Space Jam
92.5%
Aladdin
88%
Back to the Future
87.7%
The Social Network
84.5%
Dances With Wolves
82.1%
Kill Bill: Vol. 1
80.1%
Requiem for a Dream
79.3%
The Nightmare Before Christmas
78.4%
Spirited Away
72%
Avatar
70.2%
Goldfinger
65.8%
A Clockwork Orange
63.8%
V for Vendetta
57.6%
Taxi Driver
56.5%
Gladiator
51.7%
Closer
49.7%
Mulholland Dr.
49.2%
Dr. Strangelove or: How I Learned to Stop Worrying and Love the Bomb
48.1%
How to Train Your Dragon
47.6%
Life is Beautiful
45.8%
Good Will Hunting
41.6%
In Bruges
41.6%
Singin' in the Rain
40.3%
Harry Potter and the Deathly Hallows: Part 1
39.9%
Dodgeball: A True Underdog Story
39.1%
Inside Man
38.4%
The Lord of the Rings: The Return of the King
38.2%
Out of Africa
36.2%
Scott Pilgrim vs. The World
35.7%
Sin City
35.4%
% Correct
Little Miss Sunshine
34.2%
The Manchurian Candidate
33.1%
Waltz With Bashir
32.9%
Dick Tracy
32%
Road to Perdition
31.8%
Stardust
31.1%
Network
30.5%
City of God
28.9%
The Game
26.4%
Fast Times at Ridgemont High
25.1%
How Green was My Valley
23.3%
Chinatown
22.3%
Big Fish
21%
Young Frankenstein
20.9%
Mary Poppins
19.4%
Fight Club
18.8%
Schindler's List
18.1%
Cabaret
17.6%
The Blob
16.1%
Mystery Men
13.2%
Unforgiven
12.7%
Zombieland
12.2%
The Rocky Horror Picture Show
12%
Pride and Prejudice
10.9%
Remember the Titans
10.9%
Finding Neverland
9.5%
All About Eve
5%
Beyond the Forest
4.1%
Good Burger
3.5%
Into the Wild
2.2%

You're not logged in!

Compare scores with friends on all Sporcle quizzes.
OR
Log In

Show Comments

Extras

Created Nov 23, 2010SourceReportNominate

Top Quizzes Today


Score Distribution

Your Account Isn't Verified!

In order to create a playlist on Sporcle, you need to verify the email address you used during registration. Go to your Sporcle Settings to finish the process.

Report this User

Report this user for behavior that violates our Community Guidelines.

Details: